Memoirs of Babar, Emperor of India, first of the great Moghals : (Record no. 64248)
[ view plain ]
| 000 -LEADER | |
|---|---|
| fixed length control field | 01017nam a2200265 a 4500 |
| 001 - CONTROL NUMBER | |
| control field | 64248 |
| 003 - CONTROL NUMBER IDENTIFIER | |
| rucl marc code | BD-RjUL |
| 005 - DATE AND TIME OF LATEST TRANSACTION | |
| control field | 20211209081303.0 |
| 008 - FIXED-LENGTH DATA ELEMENTS--GENERAL INFORMATION | |
| fixed length control field | 170212s1974 ii bf 001 0aeng d |
| 035 ## - SYSTEM CONTROL NUMBER | |
| System control number | (BD-RjUL)64378 |
| 040 ## - CATALOGING SOURCE | |
| Original cataloging agency | BD-RjUL |
| Transcribing agency | BD-RjUL |
| Modifying agency | BD-RjUL |
| Language of cataloging | eng |
| 041 ## - LANGUAGE CODE | |
| Language code of text/sound track or separate title | eng |
| 082 ## - DEWEY DECIMAL CLASSIFICATION NUMBER | |
| Edition number | 23 |
| Classification number | 954.0252 |
| Author mark and year | BAM 1974 |
| 100 0# - MAIN ENTRY--PERSONAL NAME | |
| Personal name | Babur, |
| Dates associated with a name | 1483-1530. |
| 9 (RLIN) | 189943 |
| 245 10 - TITLE STATEMENT | |
| Title | Memoirs of Babar, Emperor of India, first of the great Moghals : |
| Remainder of title | Being an abridgment with an introd., supplementary notes, and some account of his successors / |
| Statement of responsibility, etc. | Babur, Emperor of Hindustan; F G Talbot |
| 260 ## - PUBLICATION, DISTRIBUTION, ETC. (IMPRINT) | |
| Place of publication, distribution, etc. | Lahore : |
| Name of publisher, distributor, etc. | National Book House, |
| Date of publication, distribution, etc. | 1974. |
| 300 ## - PHYSICAL DESCRIPTION | |
| Pagination | xv, 254 p. : |
| Illustrations | ill. ; |
| Size | 22 cm. |
| 500 ## - GENERAL NOTE | |
| General note | Includes index |
| 600 00 - SUBJECT ADDED ENTRY--PERSONAL NAME | |
| Personal name | Babur, |
| Titles and other words associated with a name | Emperor of Hindustan, |
| Dates associated with a name | 1483-1530. |
| 651 #0 - SUBJECT ADDED ENTRY--GEOGRAPHIC NAME | |
| Geographic name | India |
| General subdivision | Kings and rulers |
| Form subdivision | Biography. |
| 9 (RLIN) | 190117 |
| Geographic name | India |
| General subdivision | History |
| Chronological subdivision | 1526-1765. |
| 9 (RLIN) | 190802 |
| Geographic name | Mogul Empire. |
| 9 (RLIN) | 190116 |
| 700 1# - ADDED ENTRY--PERSONAL NAME | |
| Personal name | Talbot, F. G., |
| Relator term | ed. and tr. |
| 942 ## - ADDED ENTRY ELEMENTS (KOHA) | |
| Source of classification or shelving scheme | Dewey Decimal Classification |
| Koha item type | Books |
| Lost status | Source of classification or shelving scheme | Damaged status | Not for loan | Collection code | Permanent Location | Current Location | Shelving location | Date acquired | Source of acquisition | Cost, normal purchase price | Total Checkouts | Full call number | Date last seen | Copy number | Koha item type |
|---|---|---|---|---|---|---|---|---|---|---|---|---|---|---|---|
| Dewey Decimal Classification | Not For Loan | Non-fiction | Central Library, University of Rajshahi | Central Library, University of Rajshahi | Reading Room | 22/04/1976 | K.P. Bagchi, cal | 60.00 | 954.025 BAM 1974 | 12/02/2017 | C-1 | Books |